[Event "Frauenbundesliga 2016/2017"]
[Site "Wien / St. Veit / Jenbach"]
[Date "2017.04.21"]
[Round "6"]
[Board "1"]
[White "Sommer, Hannah"]
[Black "Schnegg, Anna-Lena"]
[Result "1/2-1/2"]
[WhiteElo "1768"]
[BlackElo "2120"]
[PlyCount "65"]
[EventDate "2017.01.14"]
[EventType "team"]
[EventRounds "7"]
[EventCountry "AUT"]
[WhiteTeam "SV Chesshero Rapid Feffernitz"]
[BlackTeam "Mayrhofen/SK Zell/Zillertal"]

1. d4 d5 2. c4 e6 3. Nc3 Be7 4. Nf3 Nf6 5. Bg5 h6 6. Bh4 O-O 7. e3 a6 8. a3
Nbd7 9. Be2 dxc4 10. Bxc4 b5 11. Be2 c5 12. dxc5 Bxc5 13. O-O Qb6 14. h3 Bb7
15. Qc2 Rac8 16. Rac1 Be7 17. Qb1 Rfd8 18. Rfd1 e5 19. b4 Qa7 20. Bg3 Qa8 21.
Qb3 e4 22. Nd4 Nb6 23. Nf5 Bf8 24. Bd6 Nbd5 25. Bxf8 Kxf8 26. Nxd5 Bxd5 27. Qb2
Rxc1 28. Rxc1 Rc8 29. Rxc8+ Qxc8 30. Nxh6 Be6 31. Qd4 Qc1+ 32. Kh2 Qc7+ 33. Kg1
 1/2-1/2

[Event "Frauenbundesliga 2016/2017"]
[Site "Wien / St. Veit / Jenbach"]
[Date "2017.04.21"]
[Round "6"]
[Board "3"]
[White "Sommer, Milena"]
[Black "Konecny, Sophie"]
[Result "1/2-1/2"]
[WhiteElo "1662"]
[BlackElo "1820"]
[PlyCount "97"]
[EventDate "2017.01.14"]
[EventType "team"]
[EventRounds "7"]
[EventCountry "AUT"]
[WhiteTeam "SV Chesshero Rapid Feffernitz"]
[BlackTeam "Mayrhofen/SK Zell/Zillertal"]

1. e4 e6 2. d4 d5 3. exd5 exd5 4. Nf3 Nf6 5. Be2 Be7 6. O-O O-O 7. Nc3 Nbd7 8.
Bf4 a6 9. a3 b6 10. Re1 Bb7 11. Qd2 Re8 12. Rad1 Nf8 13. Bg3 Ng6 14. Ne5 Bd6
15. Nxg6 Bxg3 16. hxg3 hxg6 17. Bf3 Qd6 18. Rxe8+ Rxe8 19. Re1 Re7 20. Rxe7
Qxe7 21. Qe2 Kf8 22. Kf1 Ne4 23. Qe1 Qe8 24. Bd1 Qc6 25. Ne2 Qb5 26. b3 c5 27.
f3 Nd6 28. a4 Qc6 29. Qd2 c4 30. Qc3 a5 31. Nf4 cxb3 32. Qxc6 Bxc6 33. cxb3 Nf5
34. Ne2 Ne3+ 35. Ke1 b5 36. axb5 Bxb5 37. Nc3 Bc6 38. Kf2 Nxd1+ 39. Nxd1 Ke7
40. Nc3 Kd6 41. Ke3 Bb7 42. Na4 Kc6 43. Nc5 Bc8 44. g4 g5 45. g3 Kb5 46. Kd3 g6
47. Kc3 f5 48. gxf5 gxf5 49. f4 1/2-1/2

[Event "Frauenbundesliga 2016/2017"]
[Site "Wien / St. Veit / Jenbach"]
[Date "2017.04.21"]
[Round "6"]
[Board "4"]
[White "Roeck, Vanessa"]
[Black "Oberberger, Bianca"]
[Result "1-0"]
[WhiteElo "1627"]
[BlackElo "1099"]
[PlyCount "173"]
[EventDate "2017.01.14"]
[EventType "team"]
[EventRounds "7"]
[EventCountry "AUT"]
[WhiteTeam "Mayrhofen/SK Zell/Zillertal"]
[BlackTeam "SV Chesshero Rapid Feffernitz"]

1. d4 d5 2. Nf3 Nc6 3. e3 a6 4. h3 Nf6 5. Bd3 e6 6. O-O Bd6 7. b3 O-O 8. Bb2
Re8 9. Ne5 g6 10. Nd2 Bf8 11. Nxc6 bxc6 12. e4 dxe4 13. Nxe4 Bg7 14. Nxf6+ Bxf6
15. c3 Bb7 16. Qf3 Bg7 17. Rad1 Qf6 18. Be4 Qxf3 19. Bxf3 Rad8 20. Rfe1 Re7 21.
Bc1 Ree8 22. Bf4 Rc8 23. Be5 Red8 24. Bxg7 Kxg7 25. Re5 Rb8 26. Ra5 Ra8 27. Re1
Kf8 28. Ree5 Rd6 29. Ra4 Ke7 30. Rea5 Kf8 31. Rc5 Ke8 32. Rb4 Ra7 33. Kf1 Kd8
34. Ke1 Kc8 35. Ke2 Kd7 36. Ke3 f6 37. c4 g5 38. Ra5 Kc8 39. c5 Rd8 40. Rba4
Kd7 41. Be2 Rda8 42. f4 h6 43. Rc4 Re8 44. fxg5 hxg5 45. b4 Re7 46. Ra3 Ra8 47.
Rcc3 Ree8 48. Kf2 Rf8 49. Rf3 Ke7 50. Bc4 Kd7 51. Ke2 Rf7 52. Rf1 Rff8 53. Raf3
Ke7 54. Re3 Bc8 55. Kd2 Re8 56. a3 Bd7 57. h4 gxh4 58. Rh1 Rh8 59. Bxe6 Bxe6
60. Rhe1 Kf7 61. Rxe6 Rhe8 62. Rxe8 Rxe8 63. Rxe8 Kxe8 64. Ke3 Kf7 65. Kf4 Kg6
66. Kg4 f5+ 67. Kxh4 Kf6 68. Kg3 Kg5 69. Kf3 Kf6 70. Kf4 Kg6 71. g4 fxg4 72.
Kxg4 Kf6 73. Kf4 Ke6 74. Ke4 Ke7 75. Ke5 Kd7 76. d5 cxd5 77. Kxd5 c6+ 78. Ke5
Ke7 79. a4 Kd7 80. Kf6 Kc8 81. Ke6 Kc7 82. Ke7 Kb8 83. Kd8 Kb7 84. Kd7 Kb8 85.
Kxc6 Kc8 86. Kb6 Kb8 87. Kxa6 1-0

[Event "Frauenbundesliga 2016/2017"]
[Site "Wien / St. Veit / Jenbach"]
[Date "2017.04.21"]
[Round "6"]
[Board "1"]
[White "Trippold, Denise"]
[Black "Mar, Karmen"]
[Result "1-0"]
[WhiteElo "2064"]
[BlackElo "2087"]
[PlyCount "109"]
[EventDate "2017.01.14"]
[EventType "team"]
[EventRounds "7"]
[EventCountry "AUT"]
[WhiteTeam "SK Baden"]
[BlackTeam "SC Extraherb WS"]

1. d4 d5 2. c4 c6 3. Nf3 Nf6 4. g3 Bf5 5. Nc3 e6 6. Nh4 Bg4 7. h3 Bh5 8. Qb3
Qb6 9. c5 Qxb3 10. axb3 Be7 11. b4 Nfd7 12. Ng2 e5 13. dxe5 Na6 14. Ra4 Bg6 15.
e4 d4 16. Ne2 Nxe5 17. Nxd4 Bxe4 18. Bxa6 bxa6 19. O-O Rd8 20. Bf4 Nc4 21. Ne2
Nxb2 22. Rxa6 Bd3 23. Ra2 Bf6 24. Re1 O-O 25. Rxa7 Bb5 26. Bd6 Rfe8 27. Nef4
Rxe1+ 28. Nxe1 Bc3 29. Nc2 Re8 30. Ra3 Bd2 31. Ra2 Bc3 32. Ra3 Bd2 33. Nd4 Nc4
34. Nxb5 Nxa3 35. Nxa3 Bxb4 36. Nc2 Bc3 37. Kf1 g5 38. Ne2 Be5 39. Ne3 f6 40.
Nc4 Kg7 41. Nxe5 fxe5 42. Nc1 Kf6 43. Nd3 h5 44. Nb4 Rc8 45. Ke2 Kf5 46. Ke3 h4
47. g4+ Ke6 48. Ke4 Ra8 49. Nxc6 Ra3 50. Bxe5 Rxh3 51. Nd4+ Kd7 52. c6+ Kc8 53.
Nf5 Ra3 54. Ne7+ Kd8 55. c7+ 1-0

[Event "Frauenbundesliga 2016/2017"]
[Site "Wien / St. Veit / Jenbach"]
[Date "2017.04.21"]
[Round "6"]
[Board "2"]
[White "Truszkiewicz, Eliza"]
[Black "Stallinger, Vanessa"]
[Result "1/2-1/2"]
[WhiteElo "1912"]
[BlackElo "1852"]
[PlyCount "79"]
[EventDate "2017.01.14"]
[EventType "team"]
[EventRounds "7"]
[EventCountry "AUT"]
[WhiteTeam "SC Extraherb WS"]
[BlackTeam "SK Baden"]

1. e4 d6 2. d4 Nf6 3. Nc3 g6 4. Be2 Bg7 5. Nf3 c5 6. dxc5 Qa5 7. O-O Qxc5 8. a3
O-O 9. Be3 Qa5 10. h3 Nbd7 11. Qd2 Qd8 12. Bh6 b6 13. Bxg7 Kxg7 14. Nd4 Bb7 15.
f3 Rc8 16. Bb5 a6 17. Ba4 Nc5 18. Bb3 e5 19. Nde2 Nxb3 20. cxb3 d5 21. exd5
Nxd5 22. Rad1 Ne7 23. Qe3 Qc7 24. Rc1 Nf5 25. Qf2 Qc5 26. Na4 Qxf2+ 27. Kxf2
Rxc1 28. Rxc1 b5 29. Nc5 Bc8 30. Rd1 h5 31. g4 hxg4 32. hxg4 Ne7 33. b4 f5 34.
gxf5 Nxf5 35. Rd3 g5 36. Kg2 Nh4+ 37. Kg3 Nf5+ 38. Kg2 Nh4+ 39. Kg3 Nf5+ 40.
Kg2 1/2-1/2

[Event "Frauenbundesliga 2016/2017"]
[Site "Wien / St. Veit / Jenbach"]
[Date "2017.04.21"]
[Round "6"]
[Board "3"]
[White "Lasinger, Melanie"]
[Black "Zechner, Andrea"]
[Result "0-1"]
[WhiteElo "1491"]
[BlackElo "1867"]
[PlyCount "52"]
[EventDate "2017.01.14"]
[EventType "team"]
[EventRounds "7"]
[EventCountry "AUT"]
[WhiteTeam "SK Baden"]
[BlackTeam "SC Extraherb WS"]

1. e4 c6 2. d4 d5 3. exd5 cxd5 4. Nc3 Nc6 5. g3 Bf5 6. a3 e6 7. Bg2 Nf6 8. Nge2
Be7 9. O-O O-O 10. Re1 Na5 11. Nf4 Rc8 12. Qe2 Re8 13. h3 h6 14. g4 Bh7 15. Kh1
Qb6 16. Rd1 Nc4 17. Na4 Qc7 18. c3 Ne4 19. Nd3 b6 20. Bf4 Qd7 21. b3 Ncd6 22.
Ne5 Qd8 23. Rac1 Bg5 24. Nd3 Bxf4 25. Nxf4 b5 26. Nb2 Nxc3 0-1

[Event "Frauenbundesliga 2016/2017"]
[Site "Wien / St. Veit / Jenbach"]
[Date "2017.04.22"]
[Round "7"]
[Board "1"]
[White "Froewis, Annika"]
[Black "Mira, Helene"]
[Result "1-0"]
[WhiteElo "2087"]
[BlackElo "2068"]
[PlyCount "45"]
[EventDate "2017.01.14"]
[EventType "team"]
[EventRounds "7"]
[EventCountry "AUT"]
[WhiteTeam "SK Dornbirn"]
[BlackTeam "ASVOE Pamhagen"]

1. e4 e5 2. Nf3 Nc6 3. d4 exd4 4. Nxd4 Bc5 5. Nb3 Bb6 6. Nc3 Qf6 7. Qe2 Nge7 8.
Be3 d6 9. O-O-O Be6 10. Kb1 O-O 11. f4 Rfe8 12. g3 Bg4 13. Qxg4 Bxe3 14. Bc4
Bb6 15. Rhf1 Rf8 16. h4 Na5 17. Nxa5 Bxa5 18. Nd5 Nxd5 19. Rxd5 Bb6 20. e5 dxe5
21. fxe5 Qg6 22. Qxg6 hxg6 23. Rd7 1-0

[Event "Frauenbundesliga 2016/2017"]
[Site "Wien / St. Veit / Jenbach"]
[Date "2017.04.22"]
[Round "7"]
[Board "2"]
[White "Horvath, Maria"]
[Black "Kurapova, Olga"]
[Result "1-0"]
[WhiteElo "1983"]
[BlackElo "1950"]
[PlyCount "109"]
[EventDate "2017.01.14"]
[EventType "team"]
[EventRounds "7"]
[EventCountry "AUT"]
[WhiteTeam "ASVOE Pamhagen"]
[BlackTeam "SK Dornbirn"]

1. d4 Nf6 2. c4 g6 3. Nc3 Bg7 4. e4 d6 5. Nf3 O-O 6. Be2 e5 7. O-O Bg4 8. d5 c6
9. h3 Bxf3 10. Bxf3 cxd5 11. cxd5 Nbd7 12. Be3 a5 13. a3 Ne8 14. Be2 f5 15. f3
Ndf6 16. b4 Nh5 17. Bb5 Ng3 18. Re1 Nf6 19. Bf2 Nfh5 20. Ne2 fxe4 21. Nxg3 Nxg3
22. Kh2 Nf5 23. Rxe4 Nd4 24. Bd3 Rf4 25. Rxf4 exf4 26. Rc1 Qg5 27. Rc7 Nf5 28.
Bxf5 Qxf5 29. b5 Qe5 30. b6 Rb8 31. Qd3 Bf6 32. Rc4 Qg5 33. Qe4 Be5 34. Rc7 Qf6
35. Qc4 Qf5 36. Qb5 Rc8 37. Qxa5 Rxc7 38. bxc7 Qc8 39. Bb6 Kf7 40. Qe1 g5 41.
Qe4 Kg7 42. Qc2 Kg8 43. Qa4 Kf7 44. Qa7 Ke7 45. Qb8 Kd7 46. Kg1 Bb2 47. a4 Bc1
48. Kf1 Be3 49. a5 Bd2 50. Ke2 Bc3 51. Kd3 Bb2 52. Ke4 Bc1 53. Kf5 Be3 54.
Qxc8+ Kxc8 55. Kxg5 1-0

[Event "Frauenbundesliga 2016/2017"]
[Site "Wien / St. Veit / Jenbach"]
[Date "2017.04.22"]
[Round "7"]
[Board "3"]
[White "Pilsan, Martha"]
[Black "Borek, Jutta"]
[Result "1/2-1/2"]
[WhiteElo "1651"]
[BlackElo "2029"]
[PlyCount "95"]
[EventDate "2017.01.14"]
[EventType "team"]
[EventRounds "7"]
[EventCountry "AUT"]
[WhiteTeam "SK Dornbirn"]
[BlackTeam "ASVOE Pamhagen"]

1. e4 c5 2. Nf3 Nc6 3. d4 cxd4 4. Nxd4 g6 5. Be3 Bg7 6. Nc3 d6 7. Qd2 Nf6 8. f3
Bd7 9. g4 h6 10. h4 Ne5 11. O-O-O a6 12. Be2 Rc8 13. g5 hxg5 14. hxg5 Nh5 15.
Rdg1 Nc4 16. Bxc4 Rxc4 17. Nde2 Qa5 18. Bd4 e5 19. Be3 Rc6 20. Qd5 Qc7 21. Qb3
Be6 22. Nd5 Bxd5 23. exd5 Rc4 24. Rg4 b5 25. Rhh4 Nf4 26. Rxh8+ Bxh8 27. Nxf4
exf4 28. Rxf4 Qe7 29. Rxc4 bxc4 30. Qb8+ Qd8 31. Qxd8+ Kxd8 32. c3 Bg7 33. Kd2
Kc7 34. Bf2 Bf8 35. Bd4 Be7 36. f4 Kb7 37. Ke3 Bd8 38. Ke4 Bc7 39. f5 Bd8 40.
fxg6 fxg6 41. Bf6 Bb6 42. b3 cxb3 43. axb3 a5 44. Kd3 Ka6 45. Kc4 Be3 46. Kd3
Bb6 47. Kc4 Be3 48. Kd3 1/2-1/2

[Event "Frauenbundesliga 2016/2017"]
[Site "Wien / St. Veit / Jenbach"]
[Date "2017.04.22"]
[Round "7"]
[Board "4"]
[White "Kosc, Renata"]
[Black "Karner, Sylvia"]
[Result "1/2-1/2"]
[WhiteElo "1996"]
[BlackElo "1665"]
[PlyCount "101"]
[EventDate "2017.01.14"]
[EventType "team"]
[EventRounds "7"]
[EventCountry "AUT"]
[WhiteTeam "ASVOE Pamhagen"]
[BlackTeam "SK Dornbirn"]

1. e4 e5 2. Bc4 Nf6 3. d3 Bc5 4. Nc3 Nc6 5. a3 a6 6. Nf3 d6 7. Bg5 h6 8. Be3
Ba7 9. Bxa7 Rxa7 10. h3 Be6 11. Bxe6 fxe6 12. O-O O-O 13. d4 exd4 14. Nxd4 Qd7
15. Nxc6 Qxc6 16. Qd4 Raa8 17. e5 dxe5 18. Qxe5 Rad8 19. Rad1 Nd5 20. Nxd5 exd5
21. Rd2 Rfe8 22. Qh5 Qe6 23. Rfd1 c6 24. c4 Qe5 25. Qxe5 Rxe5 26. cxd5 Rexd5
27. Rxd5 cxd5 28. Kf1 Kf7 29. Ke2 Ke6 30. Kd3 Rf8 31. f3 Kd6 32. Rf1 Ke5 33.
Ke3 g5 34. Rd1 Rc8 35. g3 Rc4 36. Kd3 Rd4+ 37. Kc2 Rxd1 38. Kxd1 Kd4 39. Kd2 h5
40. b3 b5 41. b4 Ke5 42. Ke3 d4+ 43. Kd3 Kd5 44. f4 gxf4 45. gxf4 h4 46. f5 Ke5
47. f6 Kxf6 48. Kxd4 Kf5 49. Ke3 Ke5 50. Kf3 Kf5 51. Ke3 1/2-1/2

[Event "Frauenbundesliga 2016/2017"]
[Site "Wien / St. Veit / Jenbach"]
[Date "2017.04.22"]
[Round "7"]
[Board "1"]
[White "Sommer, Hannah"]
[Black "Polterauer, Chiara"]
[Result "0-1"]
[WhiteElo "1768"]
[BlackElo "1988"]
[PlyCount "86"]
[EventDate "2017.01.14"]
[EventType "team"]
[EventRounds "7"]
[EventCountry "AUT"]
[WhiteTeam "SV Chesshero Rapid Feffernitz"]
[BlackTeam "SV OEkothek St. Veit/Glan"]

1. d4 d5 2. c4 e6 3. Nc3 Nf6 4. Bg5 Be7 5. Nf3 h6 6. Bh4 O-O 7. e3 b6 8. Be2
Bb7 9. O-O Nbd7 10. a3 c5 11. cxd5 Nxd5 12. Bxe7 Qxe7 13. Nxd5 Bxd5 14. dxc5
Nxc5 15. Nd2 Rfd8 16. Qe1 a5 17. Bf3 Rac8 18. Qe2 a4 19. Bxd5 Rxd5 20. Rfd1 Qc7
21. Rac1 Rcd8 22. Nf3 Qb7 23. h3 Nd3 24. Rb1 e5 25. Qc2 Qd7 26. Rd2 e4 27. Nd4
Rc8 28. Qd1 Rdc5 29. Rxd3 exd3 30. Qxd3 Rc1+ 31. Rxc1 Rxc1+ 32. Kh2 Qd6+ 33. f4
Rc8 34. Qe2 Re8 35. Qg4 Qf6 36. Qg3 Kh7 37. Qf3 Qe7 38. Nc2 Kg8 39. Kg3 Qc5 40.
Nd4 Qc1 41. Qe2 Rxe3+ 42. Kf2 Rxe2+ 43. Kxe2 Qxb2+ 0-1

[Event "Frauenbundesliga 2016/2017"]
[Site "Wien / St. Veit / Jenbach"]
[Date "2017.04.22"]
[Round "7"]
[Board "2"]
[White "Kejzar, Petra"]
[Black "Zoehrer, Sarah"]
[Result "1-0"]
[WhiteElo "1991"]
[BlackElo "1717"]
[PlyCount "49"]
[EventDate "2017.01.14"]
[EventType "team"]
[EventRounds "7"]
[EventCountry "AUT"]
[WhiteTeam "SV OEkothek St. Veit/Glan"]
[BlackTeam "SV Chesshero Rapid Feffernitz"]

1. e4 e5 2. Nf3 Nc6 3. Bb5 Nf6 4. d3 Bc5 5. O-O Nd4 6. Nxd4 Bxd4 7. c3 Bb6 8.
d4 exd4 9. e5 Nd5 10. Qg4 Kf8 11. Qe4 c6 12. Bc4 dxc3 13. Bxd5 cxd5 14. Qxd5
cxb2 15. Bxb2 Bc7 16. Nc3 a6 17. Rac1 Rb8 18. Ne4 Kg8 19. Ba3 b5 20. Rxc7 Qxc7
21. Nd6 h6 22. Rc1 Qd8 23. Nxf7 Bb7 24. Qb3 Qe8 25. Ng5+ 1-0

[Event "Frauenbundesliga 2016/2017"]
[Site "Wien / St. Veit / Jenbach"]
[Date "2017.04.22"]
[Round "7"]
[Board "3"]
[White "Sommer, Milena"]
[Black "Krassnitzer, Maria"]
[Result "1/2-1/2"]
[WhiteElo "1662"]
[BlackElo "1601"]
[PlyCount "86"]
[EventDate "2017.01.14"]
[EventType "team"]
[EventRounds "7"]
[EventCountry "AUT"]
[WhiteTeam "SV Chesshero Rapid Feffernitz"]
[BlackTeam "SV OEkothek St. Veit/Glan"]

1. e4 d5 2. exd5 Qxd5 3. Nc3 Qa5 4. Nf3 Nf6 5. Be2 Bf5 6. O-O Nbd7 7. d4 O-O-O
8. h3 c6 9. Bd3 Bxd3 10. Qxd3 e6 11. Bf4 h6 12. Ne4 Nxe4 13. Qxe4 g5 14. Bg3
Bg7 15. c3 Qd5 16. Qxd5 exd5 17. Rfe1 Rde8 18. Rxe8+ Rxe8 19. Re1 Rxe1+ 20.
Nxe1 f5 21. Nd3 f4 22. Bh2 b6 23. g3 fxg3 24. fxg3 c5 25. dxc5 bxc5 26. Kg2 Kb7
27. Bg1 Kc6 28. Kf3 a5 29. h4 gxh4 30. gxh4 Kb5 31. Nf4 Kc6 32. Ne6 Bf6 33. h5
Kd6 34. Nf4 Ne5+ 35. Ke2 a4 36. Bh2 Kc6 37. Bg1 Nc4 38. Nd3 d4 39. cxd4 cxd4
40. b3 axb3 41. axb3 Nd6 42. Nf4 Nf5 43. Kd3 Kc5 1/2-1/2

[Event "Frauenbundesliga 2016/2017"]
[Site "Wien / St. Veit / Jenbach"]
[Date "2017.04.22"]
[Round "7"]
[Board "4"]
[White "Stangl, Helga"]
[Black "Oberberger, Bianca"]
[Result "1/2-1/2"]
[WhiteElo "1603"]
[BlackElo "1099"]
[PlyCount "124"]
[EventDate "2017.01.14"]
[EventType "team"]
[EventRounds "7"]
[EventCountry "AUT"]
[WhiteTeam "SV OEkothek St. Veit/Glan"]
[BlackTeam "SV Chesshero Rapid Feffernitz"]

1. Nf3 d5 2. b3 Nf6 3. Bb2 e6 4. e3 Nc6 5. Bb5 Bd7 6. Bxc6 Bxc6 7. d3 Bd6 8.
Nbd2 O-O 9. Ne5 Qe7 10. Nxc6 bxc6 11. Nf3 Ba3 12. Bxa3 Qxa3 13. O-O c5 14. Qc1
Qxc1 15. Raxc1 Rfd8 16. Rfd1 h6 17. c4 c6 18. Kf1 Rac8 19. d4 cxd4 20. Nxd4 a6
21. cxd5 cxd5 22. f3 g6 23. Ke2 Kg7 24. Kd2 h5 25. Rc6 Rxc6 26. Nxc6 Rc8 27.
Rc1 Kf8 28. Ne5 Rxc1 29. Kxc1 Ke8 30. Kc2 Nd7 31. Nc6 Nc5 32. Kc3 f6 33. a3 Kd7
34. Na5 Kc7 35. b4 Nd7 36. Nb3 Kb6 37. a4 Kc6 38. Nd4+ Kd6 39. b5 axb5 40. axb5
Nb6 41. Kb4 Nc4 42. Nc2 e5 43. e4 Nb6 44. exd5 Kxd5 45. Ka5 Kc5 46. Ka6 Nc4 47.
Na1 Nd6 48. b6 Kc6 49. Nb3 Kd7 50. Nc5+ Ke7 51. b7 Nxb7 52. Kxb7 Kd6 53. Ne4+
Ke6 54. Kc6 g5 55. Kc5 g4 56. fxg4 hxg4 57. Kc4 f5 58. Nf2 Kd6 59. Kd3 Kd5 60.
g3 Kc5 61. Ke3 Kd5 62. Nd3 Ke6 1/2-1/2

[Event "Frauenbundesliga 2016/2017"]
[Site "Wien / St. Veit / Jenbach"]
[Date "2017.04.22"]
[Round "7"]
[Board "1"]
[White "Newrkla, Katharina"]
[Black "Richterova, Natasa"]
[Result "1/2-1/2"]
[WhiteElo "2188"]
[BlackElo "2210"]
[PlyCount "130"]
[EventDate "2017.01.14"]
[EventType "team"]
[EventRounds "7"]
[EventCountry "AUT"]
[WhiteTeam "ASVOE Wulkaprodersdorf"]
[BlackTeam "Spg. Steyr"]

1. e4 d6 2. d4 Nf6 3. Nc3 Nbd7 4. Nf3 e5 5. Bc4 Be7 6. O-O O-O 7. h3 c6 8. a4
a5 9. Be3 exd4 10. Qxd4 Qc7 11. Rad1 Ne5 12. Nxe5 dxe5 13. Qb6 Qxb6 14. Bxb6
Bb4 15. f3 Re8 16. Ne2 Nd7 17. Bf2 Kf8 18. Nc1 Bc5 19. Nd3 Bxf2+ 20. Rxf2 f6
21. Rfd2 Ke7 22. h4 Nf8 23. b3 Rd8 24. Kf2 Be6 25. Nb2 Rxd2+ 26. Rxd2 g6 27.
Ke3 b6 28. Bxe6 Nxe6 29. Nc4 Rb8 30. g3 Nd8 31. f4 Nf7 32. Rh2 Nd6 33. Nxd6
Kxd6 34. h5 exf4+ 35. gxf4 g5 36. e5+ Ke6 37. exf6 Kxf6 38. Rd2 Re8+ 39. Kf3
Kf5 40. fxg5 Kxg5 41. Rd7 Rf8+ 42. Ke3 Re8+ 43. Kd3 h6 44. Rb7 Kxh5 45. Rxb6
Re6 46. Ra6 Kg4 47. Rxa5 h5 48. Ra8 Rh6 49. Re8 h4 50. Re1 h3 51. Kc4 h2 52.
Rh1 Kf3 53. Kc5 Kg2 54. Rxh2+ Kxh2 55. a5 Rh5+ 56. Kxc6 Rxa5 57. b4 Ra6+ 58.
Kd5 Ra2 59. c4 Kg3 60. b5 Rb2 61. Kc6 Kf4 62. b6 Ke5 63. c5 Kd4 64. b7 Rxb7 65.
Kxb7 Kxc5 1/2-1/2

[Event "Frauenbundesliga 2016/2017"]
[Site "Wien / St. Veit / Jenbach"]
[Date "2017.04.22"]
[Round "7"]
[Board "2"]
[White "Nagy, Laura"]
[Black "Boric, Elena"]
[Result "0-1"]
[WhiteElo "1831"]
[BlackElo "2204"]
[PlyCount "36"]
[EventDate "2017.01.14"]
[EventType "team"]
[EventRounds "7"]
[EventCountry "AUT"]
[WhiteTeam "Spg. Steyr"]
[BlackTeam "ASVOE Wulkaprodersdorf"]

1. e4 Nf6 2. Nc3 d5 3. exd5 Nxd5 4. Bc4 c6 5. Qf3 Nf6 6. h3 g6 7. Ne4 Bg7 8. c3
O-O 9. d4 Nxe4 10. Qxe4 Bf5 11. Qf3 e5 12. Be3 exd4 13. O-O-O dxc3 14. bxc3 Qa5
15. Bd4 Qa3+ 16. Kd2 Bxd4 17. cxd4 Qb2+ 18. Ke1 Qb4+ 0-1

[Event "Frauenbundesliga 2016/2017"]
[Site "Wien / St. Veit / Jenbach"]
[Date "2017.04.22"]
[Round "7"]
[Board "3"]
[White "Rampler, Evelyn"]
[Black "Hackbarth, Christa"]
[Result "1/2-1/2"]
[WhiteElo "1827"]
[BlackElo "1816"]
[PlyCount "45"]
[EventDate "2017.01.14"]
[EventType "team"]
[EventRounds "7"]
[EventCountry "AUT"]
[WhiteTeam "ASVOE Wulkaprodersdorf"]
[BlackTeam "Spg. Steyr"]

1. e4 c6 2. c4 d5 3. exd5 cxd5 4. cxd5 Qxd5 5. Nc3 Qa5 6. Bc4 Nf6 7. d4 e6 8.
a3 Be7 9. Nf3 Bd7 10. O-O Nc6 11. Re1 O-O 12. Ne5 Rfd8 13. Bg5 Nd5 14. Bxe7
Ncxe7 15. Nxd5 Nxd5 16. b4 Qa4 17. Qd3 Nb6 18. Nxd7 Qxd7 19. Rad1 Nxc4 20. Qxc4
Qc8 21. Qb3 Rd7 22. d5 exd5 23. Rxd5 {
Rest nicht leserlich, Remis nach 49 ZÃ¼gen!} 1/2-1/2

[Event "Frauenbundesliga 2016/2017"]
[Site "Wien / St. Veit / Jenbach"]
[Date "2017.04.22"]
[Round "7"]
[Board "4"]
[White "Bernhard, Julia"]
[Black "Tschida, Verena"]
[Result "1-0"]
[WhiteElo "1818"]
[BlackElo "1580"]
[PlyCount "45"]
[EventDate "2017.01.14"]
[EventType "team"]
[EventRounds "7"]
[EventCountry "AUT"]
[WhiteTeam "Spg. Steyr"]
[BlackTeam "ASVOE Wulkaprodersdorf"]

1. e4 c5 2. Nf3 Nc6 3. c3 g6 4. d4 cxd4 5. cxd4 Bg7 6. Nc3 d6 7. Be3 Bd7 8. Bc4
e6 9. O-O Nge7 10. Nb5 Nc8 11. d5 Ne5 12. Nxe5 Bxe5 13. dxe6 Bxe6 14. Bxe6 fxe6
15. Qb3 Qe7 16. Rac1 O-O 17. f4 Bg7 18. Nc7 Rb8 19. Nxe6 Rf7 20. Rc7 Qe8 21.
Ng5 Ne7 22. Nxf7 Kf8 23. Nxd6 1-0

[Event "Frauenbundesliga 2016/2017"]
[Site "Wien / St. Veit / Jenbach"]
[Date "2017.04.22"]
[Round "7"]
[Board "1"]
[White "Schnegg, Anna-Lena"]
[Black "Truszkiewicz, Eliza"]
[Result "1-0"]
[WhiteElo "2120"]
[BlackElo "1912"]
[PlyCount "63"]
[EventDate "2017.01.14"]
[EventType "team"]
[EventRounds "7"]
[EventCountry "AUT"]
[WhiteTeam "Mayrhofen/SK Zell/Zillertal"]
[BlackTeam "SC Extraherb WS"]

1. e4 e5 2. Nf3 Nc6 3. Bb5 a6 4. Ba4 Nf6 5. O-O Be7 6. Re1 b5 7. Bb3 d6 8. c3
Bg4 9. d3 O-O 10. h3 Bh5 11. Bg5 Na5 12. Bc2 c5 13. Nbd2 Nd7 14. Be3 Bg6 15. b3
f5 16. exf5 Bxf5 17. d4 exd4 18. cxd4 Bxc2 19. Qxc2 Bf6 20. Ne4 Rc8 21. Neg5 g6
22. Qd2 Re8 23. dxc5 Nf8 24. Qd5+ Kg7 25. Nf7 Qd7 26. Bh6+ Kg8 27. Nxd6+ Kh8
28. Nf7+ Kg8 29. Nd6+ Kh8 30. Rad1 Rxe1+ 31. Nxe1 Rb8 32. Nf7+ 1-0

[Event "Frauenbundesliga 2016/2017"]
[Site "Wien / St. Veit / Jenbach"]
[Date "2017.04.22"]
[Round "7"]
[Board "2"]
[White "Zechner, Andrea"]
[Black "Wu, Min"]
[Result "0-1"]
[WhiteElo "1867"]
[BlackElo "1907"]
[PlyCount "60"]
[EventDate "2017.01.14"]
[EventType "team"]
[EventRounds "7"]
[EventCountry "AUT"]
[WhiteTeam "SC Extraherb WS"]
[BlackTeam "Mayrhofen/SK Zell/Zillertal"]

1. d4 Nf6 2. Nf3 e6 3. Bf4 c5 4. e3 d5 5. c3 Nc6 6. Nbd2 Bd6 7. Bxd6 Qxd6 8.
Bd3 O-O 9. O-O b6 10. Qe2 Bb7 11. e4 dxe4 12. Nxe4 Nxe4 13. Qxe4 f5 14. Qe3
cxd4 15. Nxd4 Nxd4 16. cxd4 Qd5 17. f3 Rad8 18. Rac1 Qxd4 19. Qxd4 Rxd4 20. Rc7
Rf7 21. Rc3 Re7 22. Re1 Kf7 23. b3 Kf6 24. Kf2 a6 25. g3 b5 26. f4 b4 27. Ke3
Red7 28. Bxa6 Bxa6 29. Rc6 Re4+ 30. Kf2 Rd2+ 0-1

[Event "Frauenbundesliga 2016/2017"]
[Site "Wien / St. Veit / Jenbach"]
[Date "2017.04.22"]
[Round "7"]
[Board "3"]
[White "Konecny, Sophie"]
[Black "Mattersberger, Melanie"]
[Result "1-0"]
[WhiteElo "1820"]
[BlackElo "1644"]
[PlyCount "63"]
[EventDate "2017.01.14"]
[EventType "team"]
[EventRounds "7"]
[EventCountry "AUT"]
[WhiteTeam "Mayrhofen/SK Zell/Zillertal"]
[BlackTeam "SC Extraherb WS"]

1. d4 d5 2. c4 e6 3. Nf3 Nf6 4. g3 c6 5. Bg2 dxc4 6. O-O Nbd7 7. Ne5 Nxe5 8.
dxe5 Qxd1 9. Rxd1 Nd7 10. f4 Bc5+ 11. Kf1 O-O 12. Nc3 f6 13. Ne4 fxe5 14. Rxd7
Bxd7 15. Nxc5 Bc8 16. Ke1 exf4 17. Bxf4 Rf5 18. Bd6 Rf7 19. Rc1 a5 20. Rxc4 b6
21. Bxc6 Raa7 22. Nd3 Ba6 23. Bb5 Bb7 24. Ne5 Rf5 25. Rc7 a4 26. Bc6 Ra5 27.
Rxb7 Rfxe5 28. Bxe5 Rxe5 29. Bxa4 Kf8 30. Rxb6 Ke7 31. Bb3 Kf6 32. Rxe6+ 1-0

[Event "Frauenbundesliga 2016/2017"]
[Site "Wien / St. Veit / Jenbach"]
[Date "2017.04.22"]
[Round "7"]
[Board "1"]
[White "Klek, Hanna Marie"]
[Black "Trippold, Denise"]
[Result "1-0"]
[WhiteElo "2376"]
[BlackElo "2064"]
[PlyCount "61"]
[EventDate "2017.01.14"]
[EventType "team"]
[EventRounds "7"]
[EventCountry "AUT"]
[WhiteTeam "Schach ohne Grenzen"]
[BlackTeam "SK Baden"]

1. e4 c5 2. Nf3 e6 3. b3 Nf6 4. e5 Nd5 5. c4 Nc7 6. Bb2 Nc6 7. Nc3 Be7 8. Ne4
O-O 9. g3 Ne8 10. Bg2 f6 11. d3 fxe5 12. Nxe5 Nxe5 13. Bxe5 d6 14. Bb2 e5 15.
Nc3 Rb8 16. a3 Bf5 17. O-O Qd7 18. b4 b6 19. Qd2 Kh8 20. Rae1 Bf6 21. Nd5 Rd8
22. f4 exf4 23. Nxf6 Nxf6 24. Rxf4 Ng4 25. d4 cxd4 26. Qxd4 Nf6 27. Ref1 Be6
28. Rxf6 Rxf6 29. Rxf6 gxf6 30. Qxf6+ Kg8 31. Bf3 1-0